<?xml version="1.0" encoding="UTF-8"?>
<record
    xmlns:xsi="http://www.w3.org/2001/XMLSchema-instance"
    xsi:schemaLocation="http://www.loc.gov/MARC21/slim http://www.loc.gov/standards/marcxml/schema/MARC21slim.xsd"
    xmlns="http://www.loc.gov/MARC21/slim">

  <leader>00941    a2200229   4500</leader>
  <controlfield tag="005">20081010122915.0</controlfield>
  <controlfield tag="008">081010t        xxu||||| |||| 00| 0 ur d</controlfield>
  <datafield tag="010" ind1=" " ind2=" ">
    <subfield code="a">UR-7289</subfield>
  </datafield>
  <datafield tag="020" ind1=" " ind2=" ">
    <subfield code="a">8185599769</subfield>
    <subfield code="c">475.00</subfield>
  </datafield>
  <datafield tag="035" ind1=" " ind2=" ">
    <subfield code="a">U-5844</subfield>
  </datafield>
  <datafield tag="037" ind1=" " ind2=" ">
    <subfield code="b">D.B.Act /pub</subfield>
  </datafield>
  <datafield tag="082" ind1=" " ind2=" ">
    <subfield code="a">841.08</subfield>
  </datafield>
  <datafield tag="100" ind1=" " ind2=" ">
    <subfield code="a">&#x627;&#x200F; &#x639;&#x638;&#x645; &#x627;&#x644;&#x64A;&#x627; &#x633;&#x6CC;</subfield>
  </datafield>
  <datafield tag="245" ind1=" " ind2=" ">
    <subfield code="a">&#x62A;&#x644;&#x645;&#x64A;&#x62D;&#x627; &#x62A; &#x634;&#x627; &#x639;&#x631;&#x6CC;</subfield>
    <subfield code="c">&#x627;&#x639;&#x638;&#x645; &#x627;&#x644;&#x64A;&#x627; &#x633;&#x6CC;</subfield>
  </datafield>
  <datafield tag="246" ind1=" " ind2=" ">
    <subfield code="a">Talmihat-e- shairi</subfield>
    <subfield code="b">by Aajam Ilyasi</subfield>
  </datafield>
  <datafield tag="260" ind1=" " ind2=" ">
    <subfield code="a">&#x62C;&#x645;&#x648;&#x6BA;</subfield>
    <subfield code="b">&#x64A;&#x627;&#x6A9; &#x67E;&#x628;&#x644;&#x64A;&#x634;&#x646;&#x6AF; &#x686;&#x64A;&#x646;&#x644;</subfield>
    <subfield code="c">2007</subfield>
  </datafield>
  <datafield tag="270" ind1=" " ind2=" ">
    <subfield code="a">&#x67E;&#x648; &#x633;&#x679; &#x628;&#x648; &#x6A9;&#x633; &#x646;&#x645;&#x628;&#x631;   130 &#x60C;  &#x648;&#x688;&#x6BE;&#x627; &#x648; &#x64A;&#x62D;&#x631;&#x627; &#x67E;&#x6A9;&#x627; &#x688; &#x646;&#x6AF;&#x627;</subfield>
    <subfield code="b">&#x62C;&#x645;&#x648; &#x6BA;</subfield>
    <subfield code="c">&#x62C;&#x645;&#x648;&#x6BA; &#x627;&#x64A;&#x646;&#x688; &#x6A9;&#x634;&#x645;&#x64A;&#x631;</subfield>
    <subfield code="e">180001</subfield>
  </datafield>
  <datafield tag="300" ind1=" " ind2=" ">
    <subfield code="a">224&#x635;</subfield>
    <subfield code="c">22 /cm</subfield>
  </datafield>
  <datafield tag="650" ind1=" " ind2=" ">
    <subfield code="a">&#x634;&#x627; &#x639;&#x631;&#x6CC;</subfield>
  </datafield>
  <datafield tag="942" ind1=" " ind2=" ">
    <subfield code="a">dpl</subfield>
    <subfield code="c">UR</subfield>
    <subfield code="k"> </subfield>
    <subfield code="2">ddc</subfield>
    <subfield code="h">841.08</subfield>
    <subfield code="m">&#x627; &#x639; &#x638;</subfield>
  </datafield>
  <datafield tag="999" ind1=" " ind2=" ">
    <subfield code="c">2099</subfield>
    <subfield code="d">2099</subfield>
  </datafield>
  <datafield tag="952" ind1=" " ind2=" ">
    <subfield code="0">0</subfield>
    <subfield code="1">0</subfield>
    <subfield code="2">ddc</subfield>
    <subfield code="4">0</subfield>
    <subfield code="7">1</subfield>
    <subfield code="8">NFIC</subfield>
    <subfield code="a">DBAD</subfield>
    <subfield code="b">DBAD</subfield>
    <subfield code="d">2008-10-10</subfield>
    <subfield code="g">475.00</subfield>
    <subfield code="l">0</subfield>
    <subfield code="o">841.08 &#x627; &#x639; &#x638;</subfield>
    <subfield code="p">U-5844</subfield>
    <subfield code="r">2008-09-15 00:00:00</subfield>
    <subfield code="t">1</subfield>
    <subfield code="u">2221</subfield>
    <subfield code="v">475.00</subfield>
    <subfield code="w">2008-09-15</subfield>
    <subfield code="y">UR</subfield>
  </datafield>
</record>
